Estadísticas para Cultura General #20

Haz click aquí para intentar la prueba.

Estadísticas generales

  • Esta prueba ha sido intentada 407 veces
  • La puntuación promedio es 9 de 20

Estadísticas de respuestas

PreguntaRespuesta% Correcto
¿Cuál es el país más frío de Sudamérica por temperatura media anual?Chile
92%
¿De qué parte del cuerpo forma parte la nuca?Cuello
90%
¿Cuánto es 12345 + 12345?24690
86%
¿Qué barrio de Nueva York empieza por Q?Queens
76%
¿Qué volcán destruyó la ciudad de Pompeya?Monte Vesubio
75%
¿Qué diseca un taxidermista?Animales
73%
¿Qué instrumento de viento orquestal empieza por la letra O?Oboe
72%
¿En qué película el protagonista se inclinaba hacia atrás, esquivando balas
como si se movieran a cámara lenta?
Matrix
70%
¿Qué título se obtiene al ser nombrado caballero?Sir o Dama
53%
¿Qué parte del animal es el sebo?Grasa
52%
¿Qué falla geológica atraviesa California?Falla de San Andrés
49%
¿Quién protagonizó las películas "Caddyshack", "Cazafantasmas" y "Lost in Translation"?Bill Murray
25%
U2 es un grupo de música. ¿Qué es un U-2?un Avión
24%
¿Qué rey fue decapitado durante la Guerra Civil inglesa?Carlos I
20%
¿Qué castigo infligió el Papa a Enrique VIII y Martín Lutero?Excomunión
19%
La zoología es el estudio de los animales. ¿Qué es la oología?Estudio de los {Huevos}
18%
¿Quién construyó un muro para separar Escocia de Inglaterra?Adriano
17%
¿Cómo se llama también la cornucopia?Cuerno de la {Abundancia}
15%
¿Quién escribió los musicales "Jesucristo Superstar" y "Evita"?Andrew Lloyd Webber
6%
¿Quién pidió tiburones con malditos rayos láser?Dr. Evil
3%

Distribución de puntuación

Porcentaje por número respondido

Porcentaje de gente con cada puntuación

Historial de tus puntuaciones

No has intentado esta prueba.